[Event "Santa Rosa op 4th"]
[Site "Santa Rosa"]
[Date "2019.07.06"]
[Round "1.13"]
[White "Campos, Jose Felix"]
[Black "Amaya, Martin"]
[Result "1-0"]
[WhiteElo "2155"]
[BlackElo "1690"]
[PlyCount "63"]
[EventDate "2019.07.06"]
[EventType "swiss"]
[EventRounds "6"]
[EventCountry "ARG"]
[SourceTitle "EXT 2024"]
[Source "ChessBase"]
[SourceDate "2023.10.10"]
[SourceVersion "1"]
[SourceVersionDate "2023.10.10"]
[SourceQuality "1"]

1. Nf3 Nf6 2. b4 e6 3. a3 d5 4. e3 c5 5. bxc5 Bxc5 6. c4 Nc6 7. d4 Be7 8. Nc3 0-0 9. Bb2 b6 10. Rc1 Bb7 11. cxd5 Nxd5 12. Nxd5 Qxd5 13. Bc4 Qa5+ 14. Nd2 Qg5 15. Bf1 Rac8 16. h4 Qf5 17. e4 Qg6 18. Rh3 Na5 19. Rxc8 Rxc8 20. g4 f5 21. gxf5 exf5 22. d5 Qd6 23. Rg3 Bf6 24. Bxf6 Qxf6 25. Bd3 fxe4 26. Bxe4 Re8 27. Re3 Qxh4 28. Bxh7+ Kxh7 29. Qc2+ Kh6 30. Rxe8 Qh1+ 31. Nf1 Bxd5 32. Rh8+ 1-0

[Event "General Pico op"]
[Site "General Pico"]
[Date "2019.04.06"]
[Round "3"]
[White "Arias, Maria Paula"]
[Black "Campos, Jose Felix"]
[Result "0-1"]
[WhiteElo "1621"]
[BlackElo "2160"]
[PlyCount "84"]
[EventDate "2019.04.05"]
[EventType "swiss"]
[EventRounds "6"]
[EventCountry "ARG"]
[SourceTitle "CBM 190 Extra"]
[Source "ChessBase"]
[SourceDate "2019.07.15"]
[SourceVersion "1"]
[SourceVersionDate "2019.07.15"]
[SourceQuality "1"]

1. d4 b5 2. e4 a6 3. Bf4 Bb7 4. Bd3 e6 5. Qe2 c5 6. c3 Nf6 7. Nd2 Be7 8. Ngf3 Qb6 9. 0-0 d6 10. Rfe1 cxd4 11. cxd4 Nbd7 12. Be3 Ng4 13. Bf4 e5 14. dxe5 dxe5 15. Bg3 h5 16. h3 h4 17. Bh2 Nxf2 18. Kf1 Nxd3 19. Qxd3 Nc5 20. Qe3 f6 21. Bg1 b4 22. Re2 Qb5 23. b3 Rd8 24. Rc1 Nd3 25. Rc2 Nf4 26. Bf2 Qxe2+ 27. Qxe2 Nxe2 28. Kxe2 Rd7 29. Nxh4 Kf7 30. Nf5 Rhd8 31. Ng3 Rc8 32. Nc4 Bc6 33. Ke3 Bc5+ 34. Kf3 Bxf2 35. Rxf2 Rd3+ 36. Kg4 Bd7+ 37. Nf5 g6 38. Nb6 gxf5+ 39. exf5 Rg8+ 40. Kh4 Bc6 41. g3 Bf3 42. g4 Bg2 0-1

[Event "General Pico op"]
[Site "General Pico"]
[Date "2019.04.06"]
[Round "4"]
[White "Campos, Jose Felix"]
[Black "Acevedo, Fernando"]
[Result "1-0"]
[WhiteElo "2160"]
[BlackElo "1801"]
[PlyCount "127"]
[EventDate "2019.04.05"]
[EventType "swiss"]
[EventRounds "6"]
[EventCountry "ARG"]
[SourceTitle "CBM 190 Extra"]
[Source "ChessBase"]
[SourceDate "2019.07.15"]
[SourceVersion "1"]
[SourceVersionDate "2019.07.15"]
[SourceQuality "1"]

1. d4 d5 2. Nf3 Nf6 3. Bg5 Ne4 4. Bf4 c5 5. c3 Nc6 6. e3 Qb6 7. Qb3 c4 8. Qxb6 axb6 9. Na3 Ra5 10. Bc7 e6 11. Bxb6 Ra6 12. Bc5 Nxc5 13. dxc5 Bxc5 14. Nc2 b5 15. a3 Bb7 16. 0-0-0 0-0 17. Be2 Rd8 18. Nfd4 Na7 19. f4 f6 20. Bf3 g6 21. Bg4 Kf7 22. Nf3 Rad6 23. Bh3 Re8 24. Rhf1 h5 25. g4 hxg4 26. Bxg4 Nc8 27. h4 Rh8 28. Rh1 Rdd8 29. h5 gxh5 30. Bxh5+ Ke7 31. Bg6 Rdg8 32. Ncd4 Nd6 33. Bc2 Rxh1 34. Rxh1 Rg7 35. Rh2 Bc8 36. Kd2 Bd7 37. Ke2 Ne4 38. Bxe4 dxe4 39. Nd2 e5 40. fxe5 fxe5 41. Nc2 Bg4+ 42. Kf2 Rf7+ 43. Ke1 Bf3 44. a4 bxa4 45. Nxc4 Rg7 46. Kf2 Ke6 47. Ne1 Bd1 48. Ng2 Rf7+ 49. Ke1 Bf3 50. Rh6+ Kd5 51. Nd2 Ba7 52. c4+ Kc5 53. Nh4 Kb4 54. Nhxf3 exf3 55. Kf2 a3 56. bxa3+ Kc3 57. Rd6 Bb8 58. Rd5 Bc7 59. c5 Re7 60. Kxf3 Kb2 61. Nc4+ Kb3 62. Nd6 Kxa3 63. Rxe5 Rf7+ 64. Nxf7 1-0

[Event "General Pico op"]
[Site "General Pico"]
[Date "2019.04.05"]
[Round "2"]
[White "Campos, Jose Felix"]
[Black "Romero Barreto, Jaime Jose"]
[Result "0-1"]
[WhiteElo "2160"]
[BlackElo "2337"]
[PlyCount "58"]
[EventDate "2019.04.05"]
[EventType "swiss"]
[EventRounds "6"]
[EventCountry "ARG"]
[SourceTitle "CBM 190 Extra"]
[Source "ChessBase"]
[SourceDate "2019.07.15"]
[SourceVersion "1"]
[SourceVersionDate "2019.07.15"]
[SourceQuality "1"]

1. d4 Nf6 2. c4 e6 3. Nf3 Bb4+ 4. Bd2 Qe7 5. a3 Bxd2+ 6. Qxd2 d6 7. Nc3 0-0 8. g4 Nxg4 9. Rg1 f5 10. Bg2 a5 11. Qc2 Nd7 12. h3 Ngf6 13. Nd2 Ne8 14. 0-0-0 Qh4 15. e4 Qxf2 16. exf5 exf5 17. Bd5+ Kh8 18. Qd3 Qh4 19. Kb1 c6 20. Be6 Nb6 21. Bxc8 Nxc8 22. Rde1 Ne7 23. Nf3 Qf6 24. Ng5 Nc7 25. d5 Ng6 26. Ne6 Ne5 27. Rxe5 dxe5 28. Nxc7 Rad8 29. Ne6 Qxe6 0-1

[Event "General Pico 113 Anniv sf U1700/2300"]
[Site "General Pico"]
[Date "2018.11.03"]
[Round "3.5"]
[White "Ampudia, Roberto"]
[Black "Campos, Jose Felix"]
[Result "0-1"]
[WhiteElo "1772"]
[BlackElo "2163"]
[PlyCount "76"]
[EventDate "2018.11.02"]
[EventType "swiss"]
[EventRounds "6"]
[EventCountry "ARG"]
[SourceTitle "EXT 2024"]
[Source "ChessBase"]
[SourceDate "2023.10.10"]
[SourceVersion "1"]
[SourceVersionDate "2023.10.10"]
[SourceQuality "1"]

1. d4 b5 2. e4 a6 3. c4 b4 4. g3 Bb7 5. Bg2 e6 6. Ne2 f5 7. d5 fxe4 8. Bxe4 Nf6 9. Bg5 Bc5 10. 0-0 0-0 11. Bg2 h6 12. Be3 Bxe3 13. fxe3 exd5 14. cxd5 Qe7 15. Qd3 Qd6 16. e4 a5 17. Nd2 Ba6 18. Qe3 Re8 19. Rf5 Ng4 20. Qf3 Qc5+ 21. Kh1 Ne3 22. Nb3 Qb6 23. Nbd4 Bxe2 24. Nxe2 Nxf5 25. Qxf5 Rf8 26. Qe5 Na6 27. Nf4 Rae8 28. Qh5 Nc5 29. e5 Kh7 30. e6 dxe6 31. Qg6+ Kh8 32. Qh5 Kg8 33. Re1 e5 34. Bh3 Qd6 35. Kg1 Qf6 36. Re2 Kh7 37. Ne6 Nxe6 38. dxe6 Rxe6 0-1

[Event "ARG-chT"]
[Site "Villa Martelli"]
[Date "2015.10.24"]
[Round "9.1"]
[White "Campos, Jose Felix"]
[Black "Krysa, Leandro Sergio"]
[Result "0-1"]
[WhiteElo "2133"]
[BlackElo "2464"]
[PlyCount "50"]
[EventDate "2015.08.29"]
[EventType "team-swiss"]
[EventRounds "9"]
[EventCountry "ARG"]
[SourceTitle "EXT 2017"]
[Source "ChessBase"]
[SourceDate "2016.10.25"]
[SourceVersion "1"]
[SourceVersionDate "2016.10.25"]
[SourceQuality "1"]
[WhiteTeam "Piedrabuena Harasic"]
[BlackTeam "Obras AySa"]
[WhiteTeamCountry "ARG"]
[BlackTeamCountry "ARG"]

1. d4 Nf6 2. Nf3 g6 3. Bg5 Bg7 4. Nbd2 0-0 5. c3 d6 6. e3 Nbd7 7. a4 e5 8. a5 h6 9. Bxf6 Qxf6 10. Bc4 Re8 11. Qc2 c6 12. dxe5 Nxe5 13. Nxe5 Rxe5 14. Nf3 Re7 15. 0-0 d5 16. Be2 Bf5 17. Qb3 Rae8 18. Ra4 Bc8 19. Nd2 g5 20. Bf3 Qe5 21. h4 f5 22. Bh5 Rf8 23. e4 fxe4 24. Rxe4 Qc7 25. hxg5 hxg5 0-1

[Event "Buenos Aires La Porta op-A"]
[Site "Buenos Aires"]
[Date "2012.12.27"]
[Round "9"]
[White "Fabian, Gaston"]
[Black "Campos, Jose Felix"]
[Result "1-0"]
[WhiteElo "2340"]
[BlackElo "2147"]
[PlyCount "33"]
[EventDate "2012.12.15"]
[EventType "swiss"]
[EventRounds "9"]
[EventCountry "ARG"]
[SourceTitle "CBM 152 Extra"]
[Source "ChessBase"]
[SourceDate "2013.02.25"]
[SourceVersion "1"]
[SourceVersionDate "2013.02.25"]
[SourceQuality "1"]

1. d4 Nf6 2. c4 e6 3. Nf3 a6 4. Nc3 c5 5. g3 b5 6. cxb5 axb5 7. Nxb5 Qa5+ 8. Nc3 cxd4 9. Nxd4 Bb7 10. Nf3 Ne4 11. Bg2 Nxc3 12. bxc3 Qxc3+ 13. Bd2 Qa3 14. 0-0 Be4 15. Bf4 Nc6 16. Ne5 Bxg2 17. Qxd7# 1-0

[Event "Buenos Aires Moreno Spring op"]
[Site "Buenos Aires"]
[Date "2012.11.08"]
[Round "3.2"]
[White "Campos, Jose Felix"]
[Black "Pascual, Diego Nicolas"]
[Result "1-0"]
[WhiteElo "2163"]
[BlackElo "1990"]
[PlyCount "131"]
[EventDate "2012.11.01"]
[EventType "swiss"]
[EventRounds "7"]
[EventCountry "ARG"]
[SourceTitle "EXT 2024"]
[Source "ChessBase"]
[SourceDate "2023.10.10"]
[SourceVersion "1"]
[SourceVersionDate "2023.10.10"]
[SourceQuality "1"]

1. d4 e6 2. Nf3 f5 3. e3 Nf6 4. Bd3 d5 5. b3 c6 6. Bb2 Bd6 7. Nbd2 Nbd7 8. a3 Qe7 9. c4 Ne4 10. b4 Ndf6 11. Ne5 Nxd2 12. Qxd2 Bxe5 13. dxe5 Ne4 14. Qc2 0-0 15. 0-0 b6 16. f3 Ng5 17. Rac1 Ba6 18. b5 dxc4 19. bxa6 cxd3 20. Qxc6 Rad8 21. Qa4 d2 22. Rcd1 Rd3 23. Qc4 Qd7 24. h4 Rc8 25. Qb4 b5 26. Bd4 Nf7 27. Rxd2 Rxd2 28. Qxd2 Nxe5 29. Rc1 Nc4 30. Qc3 Nb6 31. Qa1 Rxc1+ 32. Qxc1 Nc4 33. Qc3 Qc7 34. Qb4 e5 35. Bc5 Qd7 36. Kh2 Nd2 37. Bd6 Nc4 38. Bc5 Nd2 39. Bxa7 Qxa7 40. Qxd2 Qxa6 41. Qd5+ Kf8 42. Qxe5 Qxa3 43. Qxf5+ Kg8 44. Qc8+ Qf8 45. Qe6+ Kh8 46. Qb6 b4 47. e4 h6 48. Kg3 Qe7 49. Qb8+ Kh7 50. e5 Kg6 51. Qb6+ Kf5 52. f4 Qf8 53. Qb7 g5 54. Qh7+ Ke6 55. hxg5 hxg5 56. Qg6+ Kd5 57. Qd3+ Ke6 58. Qg6+ Kd5 59. Qxg5 Kc4 60. e6 b3 61. Qe5 Qg8+ 62. Kf2 Qe8 63. f5 Kd3 64. f6 Kc2 65. f7 Qe7 66. Qf5+ 1-0

[Event "Buenos Aires Moreno Spring op"]
[Site "Buenos Aires"]
[Date "2012.11.05"]
[Round "2.4"]
[White "Delucchi, Pablo"]
[Black "Campos, Jose Felix"]
[Result "0-1"]
[WhiteElo "1615"]
[BlackElo "2163"]
[PlyCount "48"]
[EventDate "2012.11.01"]
[EventType "swiss"]
[EventRounds "7"]
[EventCountry "ARG"]
[SourceTitle "EXT 2024"]
[Source "ChessBase"]
[SourceDate "2023.10.10"]
[SourceVersion "1"]
[SourceVersionDate "2023.10.10"]
[SourceQuality "1"]

1. e4 e5 2. Nf3 Nc6 3. Bb5 f5 4. Bxc6 dxc6 5. Nxe5 Qf6 6. d4 fxe4 7. Nc3 Bf5 8. 0-0 0-0-0 9. Be3 Bd6 10. f4 h5 11. Qe1 Qe6 12. Bf2 Nf6 13. Qe2 h4 14. Be3 h3 15. Qc4 Nd5 16. Nxd5 cxd5 17. Qe2 hxg2 18. Qxg2 Bxe5 19. fxe5 Bh3 20. Qg3 Bxf1 21. Rxf1 Rh3 22. Qf2 Qg4+ 23. Kh1 Rdh8 24. Rg1 Qf3+ 0-1

[Event "LNA Puma Cup"]
[Site "Argentina"]
[Date "2006.10.21"]
[Round "8"]
[White "Aguila, Gustavo"]
[Black "Campos, Jose Felix"]
[Result "0-1"]
[WhiteElo "2242"]
[BlackElo "2212"]
[PlyCount "70"]
[EventDate "2006.09.03"]
[EventType "swiss"]
[EventRounds "8"]
[EventCountry "ARG"]
[SourceTitle "EXT 2008"]
[Source "ChessBase"]
[SourceDate "2007.11.25"]
[SourceVersion "1"]
[SourceVersionDate "2007.11.25"]
[SourceQuality "1"]

1. Nf3 d5 2. d4 c6 3. e3 Nf6 4. Bd3 Bg4 5. Nbd2 Nbd7 6. h3 Bh5 7. c4 e6 8. 0-0 Be7 9. b3 g5 10. Be2 Rg8 11. Ne5 Bxe2 12. Qxe2 Nxe5 13. dxe5 Nd7 14. Bb2 Qc7 15. cxd5 exd5 16. e4 d4 17. Bxd4 Nxe5 18. Bxe5 Qxe5 19. Nc4 Qe6 20. Rad1 g4 21. hxg4 Rxg4 22. e5 Kf8 23. Qf3 Kg8 24. Nd6 Rg5 25. Rfe1 Rd8 26. Qe4 Rf8 27. f4 Rh5 28. f5 Qh6 29. f6 Bd8 30. Nf5 Bb6+ 31. Kf1 Qg5 32. Ne7+ Kh8 33. Rd3 Rh4 34. Qxh4 Qxh4 35. Rh3 Qf2# 0-1

[Event "Metropolitano Superior op"]
[Site "Buenos Aires"]
[Date "2002.06.26"]
[Round "2.9"]
[White "Campos, Jose Felix"]
[Black "Berlinka, Marcos"]
[Result "1-0"]
[WhiteElo "2201"]
[BlackElo "2016"]
[PlyCount "81"]
[EventDate "2002.06.24"]
[EventType "swiss"]
[EventRounds "7"]
[EventCountry "ARG"]
[SourceTitle "CBM 089 Extra"]
[Source "ChessBase"]
[SourceDate "2002.09.10"]
[SourceVersion "2"]
[SourceVersionDate "2002.09.10"]
[SourceQuality "1"]

1. b4 Nf6 2. Bb2 g6 3. Nf3 Bg7 4. c4 0-0 5. e3 e6 6. d3 d5 7. Nbd2 Nbd7 8. Be2 c5 9. a3 b6 10. Rb1 a5 11. bxa5 bxa5 12. Qc2 Qc7 13. 0-0 Bb7 14. Rfc1 Rfb8 15. cxd5 exd5 16. Ne1 Bc6 17. Bf3 Ra7 18. d4 c4 19. Bc3 Nb6 20. Rb2 Ba4 21. Qb1 Nbd7 22. Rxb8+ Qxb8 23. Qa1 Qd6 24. g4 g5 25. Nf1 Bf8 26. Bb2 Nb6 27. Ng3 Bd7 28. h3 Na4 29. Nc2 Rb7 30. Bc3 Rb3 31. Bxa5 Qb8 32. Bb4 Bd6 33. Nf1 c3 34. Bxd6 Qxd6 35. Nb4 Bb5 36. Bd1 Rb2 37. Bxa4 Bxa4 38. Rxc3 Re2 39. Rc8+ Kg7 40. Ng3 Rd2 41. Nf5+ 1-0

[Event "Torre Blanca Otono op"]
[Site "Buenos Aires"]
[Date "2002.04.04"]
[Round "1"]
[White "Martello, Juan Alberto"]
[Black "Campos, Jose Felix"]
[Result "0-1"]
[WhiteElo "2056"]
[BlackElo "2201"]
[PlyCount "110"]
[EventDate "2002.04.??"]
[EventType "swiss"]
[EventRounds "7"]
[EventCountry "ARG"]
[SourceTitle "EXT 2005"]
[Source "ChessBase"]
[SourceDate "2004.11.15"]
[SourceVersion "1"]
[SourceVersionDate "2004.11.15"]
[SourceQuality "1"]

1. e4 e5 2. Nc3 Nf6 3. Bc4 Bc5 4. d3 d6 5. Na4 Bb6 6. Nxb6 axb6 7. Bg5 Be6 8. Bxe6 fxe6 9. Bxf6 Qxf6 10. Qh5+ g6 11. Qf3 Qg7 12. Qg4 Qe7 13. Nf3 Nc6 14. c3 0-0 15. Qg5 Qg7 16. 0-0 Rf4 17. Nd2 Raf8 18. Qg3 g5 19. Qe3 Ne7 20. f3 Qg6 21. g3 R4f7 22. Rf2 Qh5 23. Kf1 g4 24. Ke2 d5 25. Raf1 c5 26. Ke1 d4 27. Qe2 gxf3 28. Rxf3 Rxf3 29. Rxf3 Rxf3 30. Nxf3 dxc3 31. bxc3 Nc6 32. Nd4 Qh6 33. Nxc6 bxc6 34. Qd2 Qg6 35. Qb2 b5 36. Qf2 c4 37. Qe2 cxd3 38. Qxd3 Qh6 39. Qd8+ Kf7 40. Qd7+ Kf6 41. Qd8+ Kg6 42. Qe8+ Kg5 43. Qg8+ Kh5 44. Qe8+ Kg4 45. Qxc6 Kf3 46. Qd6 Qe3+ 47. Kd1 Qxe4 48. Qd8 Kf2 49. Qd2+ Kf1 50. Kc1 Qf3 51. Kc2 e4 52. Qc1+ Kg2 53. c4 Qd3+ 54. Kb2 bxc4 55. Qe1 c3+ 0-1

[Event "Torre Blanca-A"]
[Site "Buenos Aires"]
[Date "2002.02.23"]
[Round "9"]
[White "Pedro, Fernando Pablo"]
[Black "Campos, Jose Felix"]
[Result "1/2-1/2"]
[WhiteElo "2193"]
[BlackElo "2206"]
[PlyCount "82"]
[EventDate "2002.02.05"]
[EventType "tourn"]
[EventRounds "11"]
[EventCountry "ARG"]
[SourceTitle "EXT 2003"]
[Source "ChessBase"]
[SourceDate "2002.11.25"]
[SourceVersion "1"]
[SourceVersionDate "2002.11.25"]
[SourceQuality "1"]

1. e4 e5 2. Nf3 Nc6 3. Bb5 f5 4. Nc3 fxe4 5. Nxe4 d5 6. Nxe5 dxe4 7. Nxc6 Qg5 8. Qe2 Nf6 9. f4 Qxf4 10. Nxa7+ Bd7 11. Bxd7+ Nxd7 12. d4 Qf5 13. Nb5 Bb4+ 14. c3 Bd6 15. Rf1 Qd5 16. Bf4 0-0 17. Bxd6 Rxf1+ 18. Qxf1 cxd6 19. Nc7 Rxa2 20. Nxd5 Rxa1+ 21. Ke2 Rxf1 22. Kxf1 Kf7 23. Ke2 Nf6 24. Ne3 Ke6 25. c4 g6 26. Kd2 h5 27. h4 b5 28. c5 d5 29. Nd1 Kd7 30. Ke3 Ng4+ 31. Kf4 b4 32. b3 Ke6 33. Nb2 Nf2 34. Ke3 Nh1 35. Kf4 Nf2 36. Kg3 Ng4 37. Nd1 Nh6 38. Ne3 Ng8 39. Kf4 Ne7 40. Kg5 Nf5 41. Nxf5 gxf5 1/2-1/2

[Event "Torre Blanca-A"]
[Site "Buenos Aires"]
[Date "2002.02.19"]
[Round "7"]
[White "Bosco, Ricardo"]
[Black "Campos, Jose Felix"]
[Result "1/2-1/2"]
[WhiteElo "2177"]
[BlackElo "2206"]
[PlyCount "156"]
[EventDate "2002.02.05"]
[EventType "tourn"]
[EventRounds "11"]
[EventCountry "ARG"]
[SourceTitle "EXT 2003"]
[Source "ChessBase"]
[SourceDate "2002.11.25"]
[SourceVersion "1"]
[SourceVersionDate "2002.11.25"]
[SourceQuality "1"]

1. d4 d5 2. Nf3 c6 3. e3 Nf6 4. Nbd2 Bf5 5. Bd3 Bxd3 6. cxd3 e6 7. 0-0 Nbd7 8. Nb3 Be7 9. Bd2 0-0 10. Rc1 Qb6 11. Qc2 Rac8 12. Nc5 Nxc5 13. dxc5 Qc7 14. d4 Nd7 15. b4 e5 16. dxe5 Nxe5 17. Nxe5 Qxe5 18. Bc3 Qe6 19. Bd4 f5 20. g3 a6 21. Qc3 Rf7 22. a4 Qg6 23. Qd3 h5 24. f3 h4 25. Kf2 Re8 26. Rg1 Bd8 27. g4 h3 28. Ke2 Bg5 29. gxf5 Rxf5 30. Rg4 Ref8 31. Rcg1 Qh5 32. Kd2 R8f7 33. f4 Bf6 34. R1g3 Re7 35. Bxf6 Rxf6 36. Rg5 Qe8 37. Qd4 Qf8 38. Re5 Rxe5 39. Qxe5 a5 40. bxa5 Rf7 41. Rxh3 Qxc5 42. Qe8+ Qf8 43. Qe6 Qe7 44. Qg6 Qb4+ 45. Ke2 Qxa4 46. Qh7+ Kf8 47. Rh5 Qc4+ 48. Kf2 Qc3 49. Qh8+ Ke7 50. Kf3 Kd7 51. Qb8 Qb3 52. Rh8 Qd1+ 53. Kf2 Qc2+ 54. Kf3 Qe4+ 55. Kf2 Re7 56. Qxb7+ Ke6 57. Qxc6+ Kf7 58. Qc5 Qd3 59. Qd4 Qxd4 60. exd4 Ra7 61. Rc8 Rxa5 62. Rc5 Ra2+ 63. Kg3 Ke6 64. Rc6+ Kf5 65. Rd6 Ra3+ 66. Kh4 Kxf4 67. Rxd5 g6 68. Rg5 Ra8 69. Rg4+ Kf5 70. h3 Ra3 71. Rg3 Ra8 72. Rg5+ Kf4 73. Rg4+ Kf5 74. d5 Rh8+ 75. Kg3 g5 76. d6 Rd8 77. Rd4 Ke5 78. Rd1 Rxd6 1/2-1/2

[Event "Torre Blanca-A"]
[Site "Buenos Aires"]
[Date "2002.02.14"]
[Round "5"]
[White "Campos, Jose Felix"]
[Black "Ferrara, Alexis"]
[Result "1/2-1/2"]
[WhiteElo "2206"]
[BlackElo "2241"]
[PlyCount "33"]
[EventDate "2002.02.05"]
[EventType "tourn"]
[EventRounds "11"]
[EventCountry "ARG"]
[SourceTitle "EXT 2003"]
[Source "ChessBase"]
[SourceDate "2002.11.25"]
[SourceVersion "1"]
[SourceVersionDate "2002.11.25"]
[SourceQuality "1"]

1. e4 c5 2. Nf3 e6 3. d4 cxd4 4. Nxd4 Qb6 5. Nb3 Qc7 6. Bd3 a6 7. Nc3 b5 8. 0-0 Bb7 9. f4 d6 10. Qf3 Nf6 11. Bd2 Nbd7 12. Rae1 Be7 13. Qg3 0-0 14. e5 Nd5 15. Na5 dxe5 16. Nxb7 Qxb7 17. fxe5 1/2-1/2

[Event "Torre Blanca-A"]
[Site "Buenos Aires"]
[Date "2002.02.05"]
[Round "1"]
[White "Campos, Jose Felix"]
[Black "Benigni, Daniel"]
[Result "1-0"]
[WhiteElo "2206"]
[BlackElo "2146"]
[PlyCount "77"]
[EventDate "2002.02.05"]
[EventType "tourn"]
[EventRounds "11"]
[EventCountry "ARG"]
[SourceTitle "EXT 2003"]
[Source "ChessBase"]
[SourceDate "2002.11.25"]
[SourceVersion "1"]
[SourceVersionDate "2002.11.25"]
[SourceQuality "1"]

1. e4 c5 2. Nf3 e6 3. d4 cxd4 4. Nxd4 Nf6 5. Nc3 Nc6 6. Nb3 Bb4 7. Bd3 d5 8. exd5 Nxd5 9. 0-0 Nxc3 10. bxc3 Bxc3 11. Ba3 a6 12. Rb1 Bf6 13. Qe2 Be7 14. Bb2 Bf6 15. Ba3 Be7 16. Bc5 Bd7 17. Rfd1 0-0 18. Qe3 g6 19. Be4 Qe8 20. Bb6 Bc8 21. Nc5 Bf6 22. Bc7 Ra7 23. Bxc6 Qxc6 24. Ne4 Be7 25. Be5 f6 26. Qxa7 Qxe4 27. Bd6 Bxd6 28. Rxd6 Qxc2 29. Rbd1 Rf7 30. Rd8+ Kg7 31. Qe3 Rc7 32. h4 e5 33. h5 gxh5 34. Qa3 Rc5 35. Qb4 Qc4 36. Qd2 Rc6 37. Re8 Qf7 38. Qd8 Rc7 39. Rg8+ 1-0

[Event "Torre Blanca"]
[Site "Buenos Aires"]
[Date "2000.??.??"]
[Round "1"]
[White "Pierucci, Fabian"]
[Black "Campos, Jose Felix"]
[Result "1/2-1/2"]
[WhiteElo "2149"]
[BlackElo "2255"]
[PlyCount "33"]
[EventDate "2000.10.01"]
[EventType "tourn"]
[EventRounds "7"]
[EventCountry "ARG"]
[SourceTitle "EXT 2002"]
[Source "ChessBase"]
[SourceDate "2001.11.25"]
[SourceVersion "1"]
[SourceVersionDate "2001.11.25"]
[SourceQuality "1"]

1. e4 e5 2. Nf3 Nc6 3. Bb5 f5 4. Bxc6 dxc6 5. 0-0 fxe4 6. Nxe5 Qd4 7. Qh5+ g6 8. Nxg6 hxg6 9. Qxg6+ Kd8 10. d3 Nf6 11. Bg5 Be7 12. Nc3 Qe5 13. h4 Bf5 14. Qg7 Rh7 15. Bxf6 Qxf6 16. Qxf6 Bxf6 17. dxe4 1/2-1/2

[Event "Buenos Aires Intercoop 25th"]
[Site "Buenos Aires"]
[Date "1999.??.??"]
[Round "5"]
[White "Roca, Alfredo Cristian"]
[Black "Campos, Jose Felix"]
[Result "1-0"]
[WhiteElo "2385"]
[BlackElo "2265"]
[PlyCount "46"]
[EventDate "1999.08.??"]
[EventType "team"]
[EventRounds "6"]
[EventCountry "ARG"]
[SourceTitle "EXT 2001"]
[Source "ChessBase"]
[SourceDate "2000.11.22"]
[SourceVersion "1"]
[SourceVersionDate "2000.11.22"]
[SourceQuality "1"]

1. d4 g6 2. Nf3 Bg7 3. g3 f5 4. Bg2 Nf6 5. 0-0 0-0 6. b3 Ne4 7. Bb2 c5 8. Nbd2 Nc6 9. c4 e6 10. Qc2 cxd4 11. Nxe4 fxe4 12. Qxe4 d5 13. cxd5 exd5 14. Qd3 Bf5 15. Qd2 Qb6 16. Rad1 d3 17. exd3 Bg4 18. Ng5 Nd4 19. Bxd5+ Kh8 20. Rfe1 Qc5 21. Bg2 Rf5 22. Bxd4 Bxd4 23. Ne6 Qb6 1-0

[Event "Intercoop tt 14th"]
[Site "Buenos Aires"]
[Date "1998.09.20"]
[Round "6"]
[White "Campos, Jose Felix"]
[Black "Varela, Gaston"]
[Result "1-0"]
[WhiteElo "2260"]
[BlackElo "2270"]
[PlyCount "97"]
[EventDate "1998.10.??"]
[EventType "team"]
[EventRounds "7"]
[EventCountry "ARG"]
[SourceTitle "EXT 2000"]
[Source "ChessBase"]
[SourceDate "1999.11.16"]
[SourceVersion "1"]
[SourceVersionDate "1999.11.16"]
[SourceQuality "1"]

1. e4 c5 2. Nf3 e6 3. d4 cxd4 4. Nxd4 a6 5. Bd3 Qc7 6. Nc3 Nc6 7. Nxc6 dxc6 8. 0-0 Nf6 9. Kh1 Bc5 10. f4 e5 11. Qe1 Ng4 12. Qg3 h5 13. f5 Kf8 14. Bg5 b5 15. Rae1 Qa7 16. Nd1 f6 17. Bh4 Bd7 18. h3 Nh6 19. c3 Be8 20. b4 Bb6 21. Bc2 Bf7 22. Nb2 Qe7 23. Bb3 a5 24. Rd1 axb4 25. cxb4 Bd4 26. Nd3 Bxb3 27. axb3 Nf7 28. Nc5 Nd8 29. Rd2 Bxc5 30. bxc5 Nb7 31. b4 Kg8 32. Rf3 Rd8 33. Ra2 Qf7 34. Ra7 Rd7 35. Rfa3 Kh7 36. R7a6 Rc8 37. Rb6 Nd8 38. Qf3 Rd4 39. Qe2 Rxb4 40. Rg3 Ra8 41. Rg6 Qxg6 42. fxg6+ Kxg6 43. Qf3 Rd4 44. Qf5+ Kf7 45. Qxh5+ Kf8 46. Qg6 Ra7 47. Bxf6 gxf6 48. Qxf6+ Kg8 49. Qxe5 1-0